Почва - зеркало и память ландшафта (Запись № 10875108)

Подробности
000 -МАРКЕР
контрольное поле 01968nam0a2200337 i 4500
001 - ИДЕНТИФИКАТОР ЗАПИСИ
контрольное поле RU\NLR\BIBL_A\010981485
005 - ИДЕНТИФИКАТОР ВЕРСИИ
контрольное поле 20240921183643.0
010 ## - МЕЖДУНАРОДНЫЙ СТАНДАРТНЫЙ НОМЕР КНИГИ (ISBN)
Номер (ISBN) 9785433802414
Тираж 100
021 ## - НОМЕР ГОСУДАРСТВЕННОЙ РЕГИСТРАЦИИ
Код страны Российская Федерация
Номер 2016-4911
Номер Листа государственной регистраци 304
035 ## - ДРУГИЕ СИСТЕМНЫЕ НОМЕРА
Идентификатор записи (NILC)RuMoRGB-008127019
035 ## - ДРУГИЕ СИСТЕМНЫЕ НОМЕРА
Идентификатор записи (NLR Aleph) 010981485
100 ## - ДАННЫЕ ОБЩЕЙ ОБРАБОТКИ
Данные общей обработки 20160215d2015 km y0rusy50 ca
101 0# - ЯЗЫК РЕСУРСА
Язык текста, звукозаписи и т.д. русский
102 ## - СТРАНА ПУБЛИКАЦИИ ИЛИ ПРОИЗВОДСТВА
Страна публикации Российская Федерация
105 ## - ПОЛЕ КОДИРОВАННЫХ ДАННЫХ: ТЕКСТОВЫЕ МАТЕРИАЛЫ, МОНОГРАФИЧЕСКИЕ
Кодированные данные о монографическом текстовом документе ab||z|||110yy
200 1# - ЗАГЛАВИЕ И СВЕДЕНИЯ ОБ ОТВЕТСТВЕННОСТИ
Основное заглавие Почва - зеркало и память ландшафта
Сведения, относящиеся к заглавию материалы всероссийской научной конференции с международным участием, посвященной Международному году почв и 60-летию Кировского областного отделения Русского географического общества, 8-9 октября 2015 г.
Первые сведения об ответственности [отв. ред. и сост. - А. М. Прокашев]
210 ## - ПУБЛИКАЦИЯ, РАСПРОСТРАНЕНИЕ И ДР.
Место издания, распространения и т.д. Киров
Имя издателя, распространителя и т. д. ВГГУ
Дата издания, распространения и т.д. 2015
215 ## - ФИЗИЧЕСКАЯ ХАРАКТЕРИСТИКА
Специфическое обозначение материала и объем 229 с.
Другие сведения о физической характеристике ил.
Размеры 29
300 ## - ОБЩИЕ ПРИМЕЧАНИЯ
Текст примечания В надзаг.: ФГБОУ ВО "Вят. гос. гуманит. ун-т", ФГБОУ ВПО "Вят. гос. с.-х. акад.", Киров. обл. отд-ние Рус. геогр. о-ва [и др.]
320 ## - ПРИМЕЧАНИЯ О НАЛИЧИИ В ДОКУМЕНТЕ БИБЛИОГРАФИИ / УКАЗАТЕЛЯ
Текст примечания Библиогр. в конце ст.
606 1# - НАИМЕНОВАНИЕ ТЕМЫ КАК ПРЕДМЕТ
Наименование темы Почвоведение
Формальный подзаголовок Съезды, совещания и т.п
Системный номер авторитетной/нормативной записи 1086020
Идентификатор авторитетной/нормативной записи RU\NLR\AUTH\66106273
675 ## - УНИВЕРСАЛЬНАЯ ДЕСЯТИЧНАЯ КЛАССИФИКАЦИЯ (UDC/УДК)
Индекс 631.4
686 1# - ИНДЕКСЫ ДРУГИХ КЛАССИФИКАЦИЙ
Индекс П03я431(2)
702 #1 - ИМЯ ЛИЦА - ВТОРИЧНАЯ ОТВЕТСТВЕННОСТЬ
Начальный элемент ввода Прокашев
Часть имени, кроме начального элемента ввода А. М.
Расширение инициалов личного имени Алексей Михайлович
Код отношения Составитель
711 12 - НАИМЕНОВАНИЕ ОРГАНИЗАЦИИ - АЛЬТЕРНАТИВНАЯ ОТВЕТСТВЕННОСТЬ
Начальный элемент ввода "Почва - зеркало и память ландшафта", всероссийская научная конференция с международным участием
Место проведения временной организации Киров
Дата проведения временной организации 2015
Системный номер авторитетной/нормативной записи 507129
Идентификатор авторитетной/нормативной записи RU\NLR\AUTH\880421106
801 #0 - ИСТОЧНИК ЗАПИСИ
Страна Российская Федерация
Организация РГБ
Дата составления 20160127
Правила каталогизации RCR
942 ## - ДОПОЛНИТЕЛЬНЫЕ ЭЛЕМЕНТЫ ЗАПИСИ (АБИС)
Тип экземпляра АБИС Книга
980 ## - КОЛЛЕКЦИЯ
Название коллекции НБР

Нет доступных экземпляров.